Strzelcy bramek w 1 kolejce el. do Mistrzostw Świata. - Statystyki

Ogólne statystyki
  • Ten quiz został rozwiązany 26 razy
  • Średni wynik to 18 z 79
Statystyki odpowiedzi
Mecz Piłkarz % Poprawnych
Węgry - Polska 3:3 Lewandowski
88%
Belgia - Walia 3:1 Lukaku
69%
Węgry - Polska 2:1 Piątek
69%
Węgry - Polska 2:2 Jóźwiak
62%
Belgia - Walia 1:1 De Bruyne
58%
Francja - Ukraina 1:0 Griezmann
58%
Turcja - Holandia 1:0 Yilmaz
58%
Turcja - Holandia 2:0 Yilmaz
58%
Turcja - Holandia 4:2 Yilmaz
58%
Belgia - Walia 2:1 Hazard
50%
Anglia - San Marino 3:0 Sterling
50%
Węgry - Polska 2:0 Szalai
50%
Włochy - Irlandia Północna 2:0 Immobile
42%
Węgry - Polska 3:2 Orban
42%
Finlandia - Bośnia i Hercegowina 0:1 Pjanic
42%
Węgry - Polska 1:0 Sallai
42%
Estonia - Czechy 1:1 Schick
42%
Estonia - Czechy 1:3 Soucek
42%
Estonia - Czechy 1:4 Soucek
42%
Estonia - Czechy 1:5 Soucek
42%
Turcja - Holandia 3:2 de Jong
38%
Niemcy - Islandia 2:0 Havertz
38%
Anglia - San Marino 2:0 Calvert-Lewin
35%
Anglia - San Marino 4:0 Calvert-Lewin
35%
Malta - Rosja 0:1 Dzyuba
35%
Finlandia - Bośnia i Hercegowina 1:1 Pukki
35%
Finlandia - Bośnia i Hercegowina 2:1 Pukki
35%
Serbia - Irlandia 2:1 Mitrovic
31%
Serbia - Irlandia 3:1 Mitrovic
31%
Turcja - Holandia 3:0 Calhanoglu
27%
Hiszpania - Grecja 1:0 Morata
27%
Włochy - Irlandia Północna 1:0 Berardi
23%
Niemcy - Islandia 1:0 Goretzka
23%
Niemcy - Islandia 3:0 Gundogan
23%
Francja - Ukraina 1:1 (Bramka Samobójcza) Kimpembe
23%
Bułgaria - Szwajcaria 0:2 Seferovic
23%
Bułgaria - Szwajcaria 0:1 Embolo
19%
Malta - Rosja 0:2 Fernandes
19%
Gibraltar - Norwegia 0:1 Sorloth
19%
Serbia - Irlandia 1:1 Vlahovic
15%
Anglia - San Marino 1:0 Ward-Prowse
15%
Anglia - San Marino 5:0 Watkins
15%
Estonia - Czechy 1:2 Barak
12%
Turcja - Holandia 3:1 Klaassen
12%
Belgia - Walia 0:1 Wilson
12%
Izrael - Dania 0:1 Braithwaite
8%
Rumunia - Macedonia Północna 3:2 Hagi
8%
Estonia - Czechy 1:6 Jankto
8%
Łotwa - Czarnogóra 1:1 Jovetic
8%
Łotwa - Czarnogóra 1:2 Jovetic
8%
Portugalia - Azerbejdżan 1:0 (Bramka Samobójcza) Medvedev
8%
Estonia - Czechy 1:0 Sappinen
8%
Bułgaria - Szwajcaria 0:3 Zuber
8%
Szwecja - Gruzja 1:0 Claesson
4%
Serbia - Irlandia 3:2 Collins
4%
Szkocja - Austria 0:1 Kalajdzic
4%
Szkocja - Austria 1:2 Kalajdzic
4%
Rumunia - Macedonia Północna 2:0 Mihaila
4%
Malta - Rosja 1:3 Sobolev
4%
Finlandia - Bośnia i Hercegowina 2:2 Stevanovic
4%
Rumunia - Macedonia Północna 2:1 Ademi
0%
Estonia - Czechy 2:6 Anier
0%
Hiszpania - Grecja 1:1 Bakasetas
0%
Serbia - Irlandia 0:1 Browne
0%
Bułgaria - Szwajcaria 1:3 Despodov
0%
Liechtenstein - Armenia 0:1 (Bramka Samobójcza) Frommelt
0%
Szkocja - Austria 1:1 Hanley
0%
Łotwa - Czarnogóra 1:0 Ikaunieks
0%
Andora - Albania 0:1 Lenjani
0%
Słowenia - Chorwacja 1:0 Lovric
0%
Malta - Rosja 1:2 Mbong
0%
Szkocja - Austria 2:2 McGinn
0%
Mołdawia - Wyspy Owcze 1:0 Nicolaescu
0%
Mołdawia - Wyspy Owcze 1:1 Olsen
0%
Gibraltar - Norwegia 0:3 Svensson
0%
Rumunia - Macedonia Północna 1:0 Tanase
0%
Gibraltar - Norwegia 0:2 Thorstvedt
0%
Rumunia - Macedonia Północna 2:2 Trajkovski
0%
Izrael - Dania 0:2 Wind
0%
Nie znaleziono quizów pasujących do podanych kryteriów
Rozkład punktacji
Procent ludzi z każdym wynikiem
Percentyl według liczby udzielonych odpowiedzi
Twoja historia wyników
Nie rozwiązałeś tego quizu